Statistics for Best Selling Nintendo Games from Each Year

Click here to take the quiz!

General Stats

  • This quiz has been taken 16 times
  • The average score is 15 of 41

Answer Stats

YearGame SalesGame% Correct
198540.24 MillionSuper Mario Bros.
100%
19866.51 MillionThe Legend of Zelda
86%
201752 MillionMario Kart 8 Deluxe
71%
19828 MillionDonkey Kong
64%
19949.30 MillionDonkey Kong Country
64%
20017.41 MillionSuper Smash Bros. Melee
57%
198935 MillionTetris
57%
200682.90 MillionWii Sports
57%
200837.38 MillionMario Kart Wii
50%
199923.10 MillionPokémon Gold and Silver
50%
199631.05 MillionPokémon Red and Blue
50%
201616.29 MillionPokémon Sun and Moon
50%
198818 MillionSuper Mario Bros. 3
50%
199020.61 MillionSuper Mario World
50%
201830.44 MillionSuper Smash Bros. Ultimate
50%
19987.60 MillionThe Legend of Zelda: Ocarina of Time
50%
201925.68 MillionPokémon Sword and Shield
43%
201316.65 MillionPokémon X and Y
43%
20003.36 MillionThe Legend of Zelda: Majora's Mask
43%
202041.59 MillionAnimal Crossing: New Horizons
36%
198428.31 MillionDuck Hunt
36%
201118.97 MillionMario Kart 7
36%
20036.96 MillionMario Kart: Double Dash
36%
201015.64 MillionPokémon Black and White
36%
20154.95 MillionSplatoon
36%
200722.67 MillionWii Fit
36%
200216.22 MillionPokémon Ruby and Sapphire
29%
202220.61 MillionPokémon Scarlet and Violet
29%
19914.61 MillionThe Legend of Zelda: A Link To The Past
29%
200933.14 MillionWii Sports Resort
29%
201213.41 MillionNew Super Mario Bros. 2
14%
199211.18 MillionSuper Mario Land 2: 6 Golden Coins
14%
19874.38 MillionZelda II: The Adventure of Link
14%
19955.15 MillionDonkey Kong Country 2: Diddy Kong’s Quest
7%
19978.09 MillionGoldenEye 007
7%
200523.96 MillionNintendogs
7%
200412 MillionPokémon FireRed and LeafGreen
7%
199310.55 MillionSuper Mario All-Stars
7%
19833.2 MillionBaseball
0%
202114.92 MillionPokémon Brilliant Diamond and Shining Pearl
0%
201414.53 MillionPokémon Omega Ruby and Alpha Sapphire
0%

Score Distribution

Percentile by Number Answered

Percent of People with Each Score

Your Score History

You have not taken this quiz